000 00365cam a2200145ua 4500
041 _aeng
_h
082 _a828.09
_bJON/SP
100 _aJones, H,S,V .
245 _aSpenser hand book /
_cJones,H,S,V.
_hTextual Documents
260 _aNew York :
_bAppleton-century-croffs, INC ,
_c1958.
300 _a419 ; .
504 _a
942 _cBK
999 _c12266
_d12266